000 00460nam a2200181Ia 4500
008 131103s9999 xx 000 0 und d
020 _a0 7195 3874 2
040 _aLoreto College
041 _aEnglish
082 _aF/SHI
_bLCBED/11107
245 _aFantasy
260 _aLondon
_bJohn murray
_c1982
300 _a119p.
_c 21cm.
440 _aThe short story series
650 _aEnglish literature - Short story
850 _aLCBED/F/SHI
942 _cBK
999 _c32861
_d83340